| 000 | 00705nam a22002057a 4500 | ||
|---|---|---|---|
| 005 | 20180228111740.0 | ||
| 010 | _aENG-117749 | ||
| 020 |
_a9788129137708 _c295.00 |
||
| 035 | _aEN-101281 | ||
| 035 | _aB-664917 | ||
| 037 |
_bDBAD/PUB _adpl |
||
| 082 | _a230.1 | ||
| 100 | _aPattanaik, Devdutt | ||
| 245 |
_aMy Gita / _cby Devdutt Pattnaik |
||
| 260 |
_aNew Delhi _bRupa Publications _c2016 |
||
| 270 |
_a7/16,Ansari Road,Daryaganj _bNew Delhi _e110002 |
||
| 300 |
_a248p. : _c20cm(pbk) _bill. |
||
| 942 |
_2ddc _cEN _h230.1 _mPAT |
||
| 999 |
_c138799 _d138799 |
||